{"text_format":"3","workbook":"xls","n_sheets":1,"sheets":["Hoja1"],"not_rendered":{"external_links":1,"defined_names":1},"read":"whole","date_system":"1900","formulas":"cached_only"}

{"sheet":"Hoja1","index":0,"n_rows":77,"n_cols":10,"rows_kept":77,"merged":[[9,0,10,0],[9,1,10,1],[9,2,10,2],[9,3,10,3],[9,4,10,4],[9,5,10,5],[9,6,10,6],[9,7,10,7],[72,5,72,6],[73,5,73,6]],"flags":["formulas_cached_only"]}
[]
["Servicio Nacional de Salud"]
["Informe Mensual de Almacén General, Despensa y Medicina "]
[]
["ALMACEN: SUMINISTRO  Y OFICINA "]
["ESTABLECIMIENTO: Hospital Yrene Fernández  REGION II"]
["AREA DE SALUD ________________________MES  ABRIL      AÑO 2020",null,"MES    SEPTIEMBRE",null,"AÑO 2025"]
[]
[]
["ARTICULO","UNIDAD","EXISTENCIA ANTERIOR","ENTRADA","CONSUMIDO","EXISTENCIA FINAL","VALOR UNITARIO","VALOR TOTAL"]
[{"$nulls":9}," "]
["Papel  81/2 x 11","Resma ",5,14,7,12,{"v":407,"d":"407.00"},{"v":4884,"d":"4,884.00"}]
["Papel  81/2 x 14","Resma ",6,0,2,4,{"v":250,"d":"250.00"},{"v":1000,"d":"1,000.00"}]
["Papel sumadora 2 1/4","Rollo",3,0,0,3,{"v":20,"d":"20.00"},{"v":60,"d":"60.00"}]
["Folder 8 1/2 x 11","Caja",4,7,2,9,{"v":302,"d":"302.00"},{"v":2718,"d":"2,718.00"}]
["Sobre manilla 8 1/2 x 11","UNIDAD",600,150,450,300,{"v":15,"d":"15.00"},{"v":4500,"d":"4,500.00"}]
["Sobre manilla 14 x 17","Unidad",0,0,0,0,{"v":4.7,"d":"4.70"},{"v":0,"d":"0.00"}]
["CD ","UNIDAD",600,100,300,400,{"v":16,"d":"16.00"},{"v":6400,"d":"6,400.00"}]
["Lapiz Carbon ","Caja ",4,0,1,3,{"v":90,"d":"90.00"},{"v":270,"d":"270.00"}]
["Resaltador ","UNIDAD",3,6,1,8,{"v":29,"d":"29.00"},{"v":232,"d":"232.00"}]
["Grapadora ","UNIDAD",2,0,0,2,{"v":225,"d":"225.00"},{"v":450,"d":"450.00"}]
["Postin","Docena ","13",0,1,12,{"v":199,"d":"199.00"},{"v":2388,"d":"2,388.00"}]
["Lapicero azul ","Caja ","12",0,3,9,{"v":98,"d":"98.00"},{"v":882,"d":"882.00"}]
["Lapicero rojo","Caja ","1",0,0,1,{"v":98,"d":"98.00"},{"v":98,"d":"98.00"}]
["Borrador de leche ","Caja",6,0,5,1,{"v":256.4,"d":"256.40"},{"v":256.4,"d":"256.40"}]
["Humectante para dedos","UNIDAD",3,0,0,3,{"v":85,"d":"85.00"},{"v":255,"d":"255.00"}]
["Liquid paper ","UNIDAD ",3,9,1,11,{"v":60,"d":"60.00"},{"v":660,"d":"660.00"}]
["Cinta adhesiva transparente ","UNIDAD",12,0,0,12,{"v":34,"d":"34.00"},{"v":408,"d":"408.00"}]
["Cuaderno","UNIDAD",24,0,0,24,{"v":82,"d":"82.00"},{"v":1968,"d":"1,968.00"}]
["Gomitas ","Caja ",9,0,0,9,{"v":22,"d":"22.00"},{"v":198,"d":"198.00"}]
["Tinta Rollón","UNIDAD",0,0,0,0,{"v":100,"d":"100.00"},{"v":0,"d":"0.00"}]
["Clip pequeñó","Caja",7,0,1,6,{"v":14,"d":"14.00"},{"v":84,"d":"84.00"}]
["Clip grande ","Caja",13,0,1,12,{"v":49,"d":"49.00"},{"v":588,"d":"588.00"}]
["Cartulina ","Unidad ",0,0,0,0,{"v":25,"d":"25.00"},{"v":0,"d":"0.00"}]
["Marcadores 12 udes","Unidad ",5.5,0,0,5.5,{"v":255,"d":"255.00"},{"v":1402.5,"d":"1,402.50"}]
["Grapa ","Caja",9,0,1,8,{"v":79,"d":"79.00"},{"v":632,"d":"632.00"}]
["Sacagrapa","Unidad ",4,0,0,4,{"v":25,"d":"25.00"},{"v":100,"d":"100.00"}]
["Sacapunta","Unidad",5,0,0,5,{"v":35,"d":"35.00"},{"v":175,"d":"175.00"}]
["Perforadora ","Unidad ",2,0,0,2,{"v":430,"d":"430.00"},{"v":860,"d":"860.00"}]
["Tijera ","Unidad",0,0,0,0,{"v":250,"d":"250.00"},{"v":0,"d":"0.00"}]
["Marquintel","Unidad",13,0,1,12,{"v":45,"d":"45.00"},{"v":540,"d":"540.00"}]
["Papel carbon ","Paquete ",1,0,0,1,{"v":350,"d":"350.00"},{"v":350,"d":"350.00"}]
["Toner 650","Unidad",1,0,0,1,{"v":1500,"d":"1,500.00"},{"v":1500,"d":"1,500.00"}]
["Toner 285","Unidad",3,0,0,3,{"v":1150,"d":"1,150.00"},{"v":3450,"d":"3,450.00"}]
["Toner 230","Unidad",2,0,0,2,{"v":2500,"d":"2,500.00"},{"v":5000,"d":"5,000.00"}]
["Toner 217 ","Unidad ",3,0,0,3,{"v":2500,"d":"2,500.00"},{"v":7500,"d":"7,500.00"}]
["Clip carpeta ","Caja",2,0,0,2,{"v":135,"d":"135.00"},{"v":270,"d":"270.00"}]
["Pila Duracell AA","Paquete",0,0,0,0,{"v":160,"d":"160.00"},{"v":0,"d":"0.00"}]
["Recetarios ","Talonarios ",50,0,10,40,{"v":150,"d":"150.00"},{"v":6000,"d":"6,000.00"}]
["Talonarios analitica ","Talonarios ",0,0,0,0,{"v":150,"d":"150.00"},{"v":0,"d":"0.00"}]
["Subtotal",{"$nulls":6},{"v":56078.9,"d":"56,078.90"}]
["Limpieza "]
["Cloro","Caja ",6,0,3,3,419.96,{"v":1259.8799999999999,"d":"1,259.88"}]
["Desinfectante","Caja ",6,0,3,3,819.96,{"v":2459.88,"d":"2,459.88"}]
["Jabón de cuaba en pasta ","Caja ",2,0,1,1,{"v":812,"d":"812.00"},{"v":812,"d":"812.00"}]
["Ace ","Saco",5,0,2,3,{"v":973,"d":"973.00"},{"v":2919,"d":"2,919.00"}]
["Suavitel","Unidad",5,0,3,2,{"v":380,"d":"380.00"},{"v":760,"d":"760.00"}]
["Suaper ","Unidad",8,0,4,4,{"v":275,"d":"275.00"},{"v":1100,"d":"1,100.00"}]
["Escoba ","Unidad",8,0,4,4,{"v":150,"d":"150.00"},{"v":600,"d":"600.00"}]
["Jabón líquido","Galón ",6,0,3,3,{"v":275,"d":"275.00"},{"v":825,"d":"825.00"}]
["Nabaja ","Paquete",1,0,0,1,{"v":570,"d":"570.00"},{"v":570,"d":"570.00"}]
["Spray limpia espejo","Unidad",1,0,0,1,{"v":107,"d":"107.00"},{"v":107,"d":"107.00"}]
["Cepillo para inodoro","Unidad",2,0,0,2,{"v":90,"d":"90.00"},{"v":180,"d":"180.00"}]
["Funda roja 35 galones ","unidad",100,200,100,200,{"v":6,"d":"6.00"},{"v":1200,"d":"1,200.00"}]
["Toalla mediana ","Unidad",24,0,4,20,{"v":40,"d":"40.00"},{"v":800,"d":"800.00"}]
["Papel de Baño","Faldo",2,5,4,3,875.88,{"v":2627.64,"d":"2,627.64"}]
["Toalla absorbente ","Faldo",3,0,2,1,184.99,184.99]
["Guante multiuso","Par ",8,6,5,9,{"v":117,"d":"117.00"},{"v":1053,"d":"1,053.00"}]
["funda negras 35 galones ","Unidad",0,500,300,200,32.99,{"v":6598,"d":"6,598.00"}]
["funda negras 30 galones ","Unidad",400,0,100,300,32.99,{"v":9897,"d":"9,897.00"}]
["Funda negras 55 galones ","Unidad ",500,500,500,500,32.99,{"v":16495,"d":"16,495.00"}]
["Guante small","Paquete",10,0,4,6,{"v":120,"d":"120.00"},{"v":720,"d":"720.00"}]
[{"$nulls":5},"SUBTOTAL",null,{"v":51168.39,"d":"51,168.39"}]
[{"$nulls":5},"Total general",null,{"v":107247.29000000001,"d":"107,247.29"}]
[]
[]
["Encargada de Almacén",null,null,"Administrador ",null,null,"Directora"]